The probation service response to the Tackling Offending initiative

Saved in:  
Bibliographic Details
Contributors: Bottomley, A. Keith 1941- (Other) ; James, Adrian (Other) ; Bochel, Catherine (Other) ; Robinson, Dawn-Marie (Other)
Format: Print Article
Language:English
Published: 1993
In: Research bulletin / Home Office, Research and Statistics Department. Publ. by Home Office, Research and Planning Unit
Year: 1993, Volume: 33, Pages: 18-24
Check availability: HBZ Gateway
Keywords:

MARC

LEADER 00000caa a22000002c 4500
001 1640200177
003 DE-627
005 20220608131350.0
007 tu
008 160223s1993 xx ||||| 00| ||eng c
035 |a (DE-627)1640200177 
035 |a (DE-576)45608083X 
035 |a (DE-599)BSZ45608083X 
040 |a DE-627  |b ger  |c DE-627  |e rakwb 
041 |a eng 
245 0 4 |a The probation service response to the Tackling Offending initiative  |c A. Keith Bottomley, Adrian James, Catherine Bochel, Dawn-Marie Robinson 
264 1 |c 1993 
336 |a Text  |b txt  |2 rdacontent 
337 |a ohne Hilfsmittel zu benutzen  |b n  |2 rdamedia 
338 |a Band  |b nc  |2 rdacarrier 
700 1 |a Bottomley, A. Keith  |d 1941-  |0 (DE-588)124768415  |0 (DE-627)365932671  |0 (DE-576)16038396X  |4 oth 
700 1 |a James, Adrian  |4 oth 
700 1 |a Bochel, Catherine  |4 oth 
700 1 |a Robinson, Dawn-Marie  |4 oth 
773 0 8 |i In  |a Großbritannien. Home Office. Research and Statistics Department  |t Research bulletin / Home Office, Research and Statistics Department. Publ. by Home Office, Research and Planning Unit  |d London : Research and Planning Unit, 1990  |g 33(1993), Seite 18-24  |w (DE-627)171331435  |w (DE-600)1178352-7  |w (DE-576)038874083  |x 0962-0478 (ab Nr. 31.1991)  |7 nnas 
773 1 8 |g volume:33  |g year:1993  |g pages:18-24 
935 |a mkri 
951 |a AR 
ELC |b 1 
LOK |0 000 xxxxxcx a22 zn 4500 
LOK |0 001 3301630588 
LOK |0 003 DE-627 
LOK |0 004 1640200177 
LOK |0 005 20260114154523 
LOK |0 008 160208||||||||||||||||ger||||||| 
LOK |0 040   |a DE-21-110  |c DE-627  |d DE-21-110 
LOK |0 689   |a s  |a Bewährungshilfe 
LOK |0 689   |a g  |a England 
LOK |0 689   |a s  |a Reform 
LOK |0 689   |a s  |a Intensivbewährungshilfe 
LOK |0 852   |a DE-21-110 
LOK |0 852 1  |m p  |9 00 
LOK |0 935   |a k110 
LOK |0 938   |k p 
LOK |0 939   |a 08-02-16  |b l01 
ORI |a SA-MARC-krimdoka001.raw